The healthcare c-suite (Record no. 159606)
[ view plain ]
| 000 -LEADER | |
|---|---|
| fixed length control field | 01130nam a2200289Ia 4500 |
| 100 1# - MAIN ENTRY--AUTHOR NAME | |
| Personal name | Garman, Andrew N. |
| 245 14 - TITLE STATEMENT | |
| Title | The healthcare c-suite |
| 260 ## - PUBLICATION, DISTRIBUTION, ETC. (IMPRINT) | |
| Place of publication | Chicago : |
| Name of publisher | Health Administration Press, |
| Year of publication | c2009. |
| 300 ## - PHYSICAL DESCRIPTION | |
| Number of Pages | xxiv, 187 p. |
| 650 #0 - SUBJECT ADDED ENTRY--TOPICAL TERM | |
| Topical Term | Health services administrators. |
| Topical Term | Leadership. |
| 700 1# - ADDED ENTRY--PERSONAL NAME | |
| Personal name | Dye, Carson F. |
| 856 40 - ELECTRONIC LOCATION AND ACCESS | |
| Uniform Resource Identifier | http://site.ebrary.com/lib/rucke/Doc?id=10309180 |
No items available.
